000 ncm a22 a 4500
999 _c350187
_d350187
003 BLK
005 20201007040657.0
008 200331b bu ||||| |||| 00| 0 bu d
040 _aBLK
041 _aBUL
_cBUL
080 _aМузика за духови инструменти
_b788
_z788(497.2)
_x(497.2)
100 _aКостов, Георги
_eпърви автор
_91299
139 _aКостов, Георги
_bК 86
245 _aПоема за тромпет и оркестър [Нотирана музика]
_cГеорги Костов
_bИзвлечение за пиано
260 _9209548
_aСофия
_bНаука и изкуство
_c1974
300 _a1 партитура (24 с.)
_c31 см
_e1 клавирно извлчение (8 с.)
380 _a7
852 _aМ ІІ 6444
942 _cNOT
_n0
_s1
944 _aCR
_c2020-03-31
_l2020-03-31
999 _d350187
999 _d350186
999 _d350182
999 _d350180
999 _d350174
999 _d350173
999 _d350172